Football - Les 10 plus gros transferts (2000-2001) - Statistiques

Statistiques générales
  • Ce quiz a été pris 74 fois
  • Le résultat moyen est 3 sur 10
Statistiques - réponses
Rang Club Précédent Nouveau Club Montant Joueur % Correct
1 Barcelone Real Madrid 60 000 000 € Luis Figo
98%
4 Real Madrid Paris SG 34 500 000 € Nicolas Anelka
77%
9 Monaco Juventus 23 240 000 € David Trezeguet
52%
2 Parme Lazio Rome 56 810 000 € Hernan Crespo
33%
3 Fiorentina AS Roma 36 150 000 € Gabriel Batistuta
32%
5 Arsenal Barcelone 29 300 000 € Marc Overmars
23%
6 West Ham Leeds United 26 000 000 € Rio Ferdinand
13%
8 Deportivo La Corogne Real Madrid 25 000 000 € Flavio Conceicao
0%
10 Lazio Rome Parme 23 000 000 € Matias Almeyda
0%
7 Real Zaragoza Parme 25 000 000 € Savo Milosevic
0%
Aucun quiz correspondant
Distribution des résultats
% des personnes avec chaque résultat
Percentile par nombre de réponses
Votre historique - résultats
Vous n’avez pas pris ce quiz